000 00457nam a22001937a 4500
003 OSt
008 260122b |||||||| |||| 00| 0 eng d
020 _a9789390596546
082 _a615.1 GAP
100 _aGautam, Rupesh.K
245 _aPractical Book of Pharmacology-II
250 _a3rd
260 _aN.Delhi
_bNirali
_c2023
300 _a34
650 _a Pharmacology-II
700 _aGoyal, Swapnil
700 _aSaini, Vipan
942 _2ddc
_cBK
999 _c13798
_d13798